000
00405nam a2200133Ia 4500
008
100328s9999 xx 000 0 und d
082
_b
35317
100
_a
राहुल
245
_a
ट्रिपल क्रास
260
_b
डायमंड पॉकेट बुक्स
630
_a
ट्रिपल क्रास
730
_a
ट्रिपल क्रास
942
_c
BOOK
999
_c
525263
_d
525260